Concepto clínico de la albuminuria (Record no. 158435)

MARC details
000 -LEADER
campo de control de longitud fija 00849nam a22001935i 4500
001 - NÚMERO DE CONTROL
campo de control 158435
003 - IDENTIFICADOR DE NÚMERO DE CONTROL
campo de control ES-MaACL
005 - FECHA Y HORA DE LA ÚLTIMA TRANSACCIÓN
campo de control 20250825094003.0
008 - DATOS DE LONGITUD FIJA--INFORMACIÓN GENERAL
campo de control de longitud fija 040831s1898 sp |||| | spa d
100 1# - ENTRADA PRINCIPAL--NOMBRE DE PERSONA
Nombre de persona Madero y Segovia, José Luis.
9 (RLIN) 129318
245 10 - MENCIÓN DEL TÍTULO
Título Concepto clínico de la albuminuria
Resto del título : memoria presentada para optar al grado de doctor en medicina y cirujía [sic] /
Mención de responsabilidad, etc. por José Luis Madero y Segovia.
260 ## - PUBLICACIÓN, DISTRIBUCIÓN, ETC.
Lugar de publicación, distribución, etc. Cádiz :
Nombre del editor, distribuidor, etc. [s.n.,
Fecha de publicación, distribución, etc. 1898?] (
Fabricante Talleres Tip. de Manuel Álvarez)
300 ## - DESCRIPCIÓN FÍSICA
Extensión 46 p. ;
Dimensiones 22 cm.
530 ## - NOTA DISPONIBLE DE FORMULARIO FÍSICO ADICIONAL
Nota de formato físico adicional disponible Disponible en formato digital.
650 #7 - PUNTO DE ACCESO ADICIONAL DE MATERIA--TÉRMINO DE MATERIA
Término de materia o nombre geográfico como elemento de entrada Albuminuria
Fuente del encabezamiento o término embne
9 (RLIN) 171198
852 ## - LOCALIZACIÓN
Ubicación ES-MaACL
Número de control de estantería T-1047-F-5
Nota libre -- Enc. hol. conservando la cub. original
-- -- Enc. en un vol. facticio
856 ## - LOCALIZACIÓN Y ACCESO ELECTRÓNICOS
Identificador Uniforme de Recursos <a href="http://bdh-rd.bne.es/viewer.vm?id=0000116935&page=1 ">http://bdh-rd.bne.es/viewer.vm?id=0000116935&page=1 </a>
Nota pública Biblioteca Digital Hispánica
Holdings
Estatus retirado Estado de pérdida Estado de daño No para préstamo Colección Biblioteca de origen Biblioteca actual Ubicación en estantería Fecha de adquisición Total de préstamos Signatura topográfica completa Código de barras Visto por última vez Precio de reemplazo Tipo de ítem Koha
        Colección de folletos Biblioteca del Ateneo de Madrid Biblioteca del Ateneo de Madrid Depósito folletos 17/01/2008   T-1047-F-5 1165821 23/02/2023 23/02/2023 Folleto